| 000 | 00835cam a22002533a 4500 | ||
|---|---|---|---|
| 001 | 10487 | ||
| 003 | PGUSA | ||
| 005 | 20140828083225.0 | ||
| 008 | 031201s2003||||xxu|||||s|||||000 | eng d | ||
| 040 |
_aPGUSA _beng |
||
| 042 | _adc | ||
| 050 | 4 | _aM | |
| 100 | 1 | _aMcGuinn, Roger | |
| 245 | 1 | 0 |
_aAlabama Bound _h[electronic resource] / _cRoger McGuinn |
| 260 |
_bProject Gutenberg, _c2003 |
||
| 500 | _aRecorded in May 1999, on a 12-string guitar in "drop D" tuning, that is with the low E string tuned down to D. | ||
| 506 | _aCopyrighted. Read the copyright notice inside this book for details. | ||
| 516 | _aElectronic text | ||
| 653 | _aFolk songs, English -- United States | ||
| 653 | _aAfrican Americans -- Music | ||
| 830 | 0 |
_aProject Gutenberg _v10487 |
|
| 856 | 4 | 0 | _uhttp://www.gutenberg.org/ebooks/10487 |
| 942 | _cEB | ||
| 999 |
_c239742 _d239742 |
||